000 00454nam a2200169Ia 4500
008 230917s9999||||xx |||||||||||||| ||und||
020 _cRS300
040 _e230321
_aMAIN
041 _aEnglish
082 _a657.48 M278P
100 _aMaheshwari, S N
245 0 _aPrinciples of financial accounting
260 _aNoida
_bVikas Publishing
_c2013
300 _axii, 439 p.
500 _a2252 14/01/2016 HBD15/1547 04/02/2016 Main Budget
942 _cBK
999 _c17339
_d17339